<?xml version="1.0" encoding="UTF-8"?>
<record
    xmlns:xsi="http://www.w3.org/2001/XMLSchema-instance"
    xsi:schemaLocation="http://www.loc.gov/MARC21/slim http://www.loc.gov/standards/marcxml/schema/MARC21slim.xsd"
    xmlns="http://www.loc.gov/MARC21/slim">

  <leader>02132nab a22002777a 4500</leader>
  <datafield tag="999" ind1=" " ind2=" ">
    <subfield code="c">5340</subfield>
    <subfield code="d">5340</subfield>
  </datafield>
  <controlfield tag="003">OSt</controlfield>
  <controlfield tag="005">20250223230916.0</controlfield>
  <controlfield tag="008">190603e        xxum|||| |||| 00| 0 spa d</controlfield>
  <datafield tag="040" ind1=" " ind2=" ">
    <subfield code="c">PJ</subfield>
  </datafield>
  <datafield tag="100" ind1=" " ind2=" ">
    <subfield code="9">6386</subfield>
    <subfield code="a">Papa, Rodolfo G. </subfield>
  </datafield>
  <datafield tag="245" ind1="1" ind2="0">
    <subfield code="a">Aspectos jur&#xED;dicos, contractuales y regulatorios de actualidad en el tratamiento del fideicomiso societario /</subfield>
    <subfield code="c">Rodolfo G. Papa.</subfield>
  </datafield>
  <datafield tag="260" ind1=" " ind2=" ">
    <subfield code="c">Ciudad Aut&#xF3;noma de Buenos Aires :</subfield>
    <subfield code="a">Thomson Reuters La Ley, </subfield>
    <subfield code="b">2023.</subfield>
  </datafield>
  <datafield tag="300" ind1=" " ind2=" ">
    <subfield code="a">p. 85-104</subfield>
  </datafield>
  <datafield tag="500" ind1=" " ind2=" ">
    <subfield code="a">Cita Online: TR LALEY AR/DOC/2647/2023.</subfield>
  </datafield>
  <datafield tag="505" ind1=" " ind2=" ">
    <subfield code="a"> Sumario: I. Aproximaci&#xF3;n introductoria. El fideicomiso societario ante la nueva Codificaci&#xF3;n.&#x2014; II. El fiduciario ante la ejecuci&#xF3;n de un fideicomiso societario. Extensi&#xF3;n en el ejercicio de sus facultades fiduciarias.&#x2014; III. Etapas y principales aspectos jur&#xED;dicos sustantivos que conforman el iter en la constituci&#xF3;n de un fideicomiso societario.&#x2014; IV. La registraci&#xF3;n del contrato de fideicomiso societario ante el "Registro P&#xFA;blico". Su alcance y efectos. Su tratamiento regulatorio actual en el &#xE1;mbito de la Ciudad Aut&#xF3;noma de Buenos Aires. La competencia registral asumida por la Inspecci&#xF3;n General de Justicia (IGJ) al amparo de la RG 6/2016 (luego modificada por la RG 33/2020).&#x2014; V. Los posibles usos de un fideicomiso societario como veh&#xED;culo o "instrumentalidad".&#x2014; VI. La adecuaci&#xF3;n de las previsiones contractuales del fideicomiso societario a la nueva Codificaci&#xF3;n unificada.&#x2014; VII. El fideicomiso societario con fines de garant&#xED;a.&#x2014; VIII. Conclusiones. </subfield>
  </datafield>
  <datafield tag="505" ind1=" " ind2=" ">
    <subfield code="t">&#xBF;Te interesa el texto completo? Solicitalo al correo: koha@justierradelfuego.gov.ar</subfield>
  </datafield>
  <datafield tag="650" ind1=" " ind2="0">
    <subfield code="9">1590</subfield>
    <subfield code="a">FIDEICOMISO</subfield>
  </datafield>
  <datafield tag="650" ind1=" " ind2="0">
    <subfield code="9">1497</subfield>
    <subfield code="a">CODIGO CIVIL Y COMERCIAL</subfield>
  </datafield>
  <datafield tag="650" ind1=" " ind2="0">
    <subfield code="9">646</subfield>
    <subfield code="a">SOCIEDADES COMERCIALES</subfield>
  </datafield>
  <datafield tag="650" ind1=" " ind2="0">
    <subfield code="9">6384</subfield>
    <subfield code="a">DOMINIO FIDUCIARIO</subfield>
  </datafield>
  <datafield tag="650" ind1=" " ind2="0">
    <subfield code="9">1608</subfield>
    <subfield code="a">INSCRIPCION REGISTRAL</subfield>
  </datafield>
  <datafield tag="650" ind1=" " ind2="0">
    <subfield code="9">5756</subfield>
    <subfield code="a">PARTICIPACI&#xD3;N DE UNA SOCIEDAD EN OTRA </subfield>
  </datafield>
  <datafield tag="650" ind1=" " ind2="0">
    <subfield code="9">1727</subfield>
    <subfield code="a">INSPECCION GENERAL DE JUSTICIA</subfield>
  </datafield>
  <datafield tag="773" ind1="0" ind2=" ">
    <subfield code="0">2713</subfield>
    <subfield code="9">3170</subfield>
    <subfield code="d">Ciudad Aut&#xF3;noma de Buenos Aires : Thomson Reuters La Ley, 2015-</subfield>
    <subfield code="t">Revista C&#xF3;digo Civil y Comercial. N&#xBA; 6 - Diciembre 2023</subfield>
  </datafield>
  <datafield tag="942" ind1=" " ind2=" ">
    <subfield code="2">udc</subfield>
    <subfield code="c">ANA</subfield>
  </datafield>
</record>
